000
00413nam a22001697a 4500
003
MPLRDC
005
20220104114722.0
008
210129b ||||| |||| 00| 0 eng d
082
_a
177 LZZ c.2
100
_a
李中钟编著
245
_a
错误的心理学
_c
260
_a
_b
雷鼓出版社
_c
1991
300
_b
平
490
_a
应用心理学大系
650
_a
应用心理学
942
_c
BK
_o
177 LZZ c.2
999
_c
9681
_d
9671